| 000 | 00000nam##2200000za#4500 |
| 001 | 9.681971 |
| 003 | CaOODSP |
| 005 | 20210615132627 |
| 007 | ta |
| 008 | 150407|2002||||xxc||||| f|0| 0 fre|d |
| 020 | |a0-662-88092-7 |
| 040 | |aCaOODSP|bfre |
| 043 | |an-cn--- |
| 086 | 1 |aD82-22/2002F |
| 110 | 1 |aCanada. |bSécurité publique et protection civile Canada. |
| 245 | 10|aLes techniques élémentaires du sauvetage / |cProduit par Sécurité publique et Protection civile Canada en consultation avec Ambulance Saint-Jean ... [et al.] |
| 250 | |aRévisé |
| 260 | |aOttawa - Ontario : |bSécurité publique et Protection civile Canada |c©2002. |
| 300 | |a28p. : |bill. (certaines en couleur) ; |c23 cm. |
| 520 | 3 |aLe but du présent livret est de donner aux personnes intéressées par le sujet des renseignements de base sur le sauvetage dans les structures endommagées. |
| 563 | |aDépliant |
| 590 | |a07-04|b2007-01-26 |
| 691 | 07|aProtection civile|2gcpds |
| 691 | 07|aSauvetage|2gcpds |
| 775 | 08|tBasic rescue skills / |w(CaOODSP)9.648706 |
| 776 | 0#|tLes techniques élémentaires du sauvetage / |w(CaOODSP)9.630849 |